[Event "XXXII Coppa d'Oro"]
[Site "Villa Guardia ITA"]
[Date "2014.11.02"]
[Round "6"]
[White "Cairoli, Camillo"]
[Black "Raineri, Valerio"]
[WhiteElo "1957"]
[BlackElo "2079"]
[Result "0-1"]
[PlyCount "104"]
[EventDate "2014.10.26"]

1. Nf3 Nf6 2. g3 g6 3. Bg2 Bg7 4. d3 d6 5. O-O e5 6. Nbd2 O-O 7. c3 c6 8. Qc2
Qe7 9. b4 Ne8 10. a4 Nc7 11. Rb1 Nd7 12. c4 f5 13. Nb3 Nf6 14. b5 c5 15. Nfd2
Ne6 16. e3 g5 17. Bb2 Bh6 18. d4 e4 19. dxc5 dxc5 20. Rbd1 g4 21. Nb1 b6 22.
Be5 Rd8 23. Rxd8+ Nxd8 24. Bxf6 Qxf6 25. Nc3 Be6 26. Nd5 Bxd5 27. cxd5 Nf7 28.
Rd1 Rd8 29. Bf1 Bf8 30. Bc4 Bd6 31. Nd2 Ng5 32. Bf1 h5 33. Bg2 h4 34. Nc4 h3
35. Bh1 Nf7 36. a5 Bc7 37. axb6 axb6 38. Bxe4 fxe4 39. Qxe4 Qf3 40. Qxf3 gxf3
41. e4 Nd6 42. Nd2 Re8 43. Re1 c4 44. e5 c3 45. Nxf3 Nxb5 46. d6 Bd8 47. Kf1
Kf7 48. Rb1 Na3 49. Rc1 c2 50. Ke2 b5 51. Ke3 b4 52. Rxc2 Nxc2+ 0-1

[Event "XXXII Coppa d'Oro"]
[Site "Villa Guardia ITA"]
[Date "2014.11.02"]
[Round "6"]
[White "D'Aulisa, Francesco"]
[Black "Seminara, Antonio"]
[WhiteElo "1733"]
[BlackElo "1956"]
[Result "0-1"]
[PlyCount "98"]
[EventDate "2014.10.26"]

1. Nf3 d5 2. d4 c6 3. Bf4 Qb6 4. b3 Bf5 5. e3 Nf6 6. Be2 h6 7. h3 e6 8. O-O
Nbd7 9. c4 Ne4 10. c5 Qd8 11. Nfd2 g5 12. Bh2 b6 13. Nxe4 Bxe4 14. b4 a5 15.
Nc3 axb4 16. Nxe4 dxe4 17. cxb6 Nxb6 18. Qc2 Qd5 19. Rfc1 Kd7 20. Be5 Rh7 21.
f3 f5 22. fxe4 Qxe4 23. Qxe4 fxe4 24. Bh5 Nd5 25. Bg6 Re7 26. Bxe4 Nc3 27. Bf3
Ra3 28. Kf2 Re8 29. Bd1 Nxd1+ 30. Rxd1 Rea8 31. Rab1 Rxa2+ 32. Kf3 R8a3 33. g3
Rc2 34. Ra1 b3 35. Rxa3 Bxa3 36. Rb1 b2 37. d5 exd5 38. e4 Rc1 39. Rxb2 Bxb2
40. Bxb2 Rd1 41. exd5 Rxd5 42. Ke4 Ke6 43. Bg7 h5 44. Bb2 Rb5 45. Bh8 Rb4+ 46.
Kf3 Kf5 47. Bg7 Rb3+ 48. Kf2 Ke4 49. Bf6 Rf3+ 0-1

[Event "XXXII Coppa d'Oro"]
[Site "Villa Guardia ITA"]
[Date "2014.11.02"]
[Round "6"]
[White "Gonella, Daniele"]
[Black "Lapiccirella, Daniele"]
[WhiteElo "2150"]
[BlackElo "2221"]
[Result "1/2-1/2"]
[PlyCount "92"]
[EventDate "2014.10.26"]

1. e4 c5 2. Nf3 e6 3. c3 d5 4. exd5 Qxd5 5. d4 Nf6 6. Na3 Qd8 7. Nc2 Qc7 8. Be2
Nbd7 9. O-O b6 10. Re1 Bb7 11. Be3 Be7 12. Qc1 O-O 13. Bf4 Qc6 14. dxc5 Bxc5
15. Bf1 Rad8 16. Ncd4 Qc8 17. Nb5 Qa8 18. Ne5 Nd5 19. Nd3 Nxf4 20. Qxf4 Be7 21.
Nd4 Qb8 22. Qe3 Bf6 23. Nf3 Qc7 24. Rad1 Rfe8 25. Nf4 Qc5 26. Qxc5 Nxc5 27. Bb5
Rxd1 28. Rxd1 Rd8 29. Rxd8+ Bxd8 30. Nd3 Nxd3 31. Bxd3 Bxf3 32. gxf3 h6 33. Kf1
Kf8 34. Ke2 Ke7 35. f4 Bc7 36. Ke3 f5 37. h3 Bd6 38. b4 Kf6 39. Bb5 Ke7 40. a4
a5 41. bxa5 Bc5+ 42. Kd3 bxa5 43. f3 Kd6 44. Bc4 Bf2 45. Bb3 Bg3 46. Ke3 Be1
1/2-1/2

[Event "XXXII Coppa d'Oro"]
[Site "Villa Guardia ITA"]
[Date "2014.11.02"]
[Round "6"]
[White "Mason, Giovanni"]
[Black "Corti, Filippo"]
[WhiteElo "1556"]
[BlackElo "1609"]
[Result "1-0"]
[PlyCount "85"]
[EventDate "2014.10.26"]

1. e4 g6 2. Nc3 Bg7 3. d4 d6 4. f4 e6 5. Nf3 Ne7 6. h4 Nd7 7. Be3 b6 8. g4 Bb7
9. Qd2 Nf6 10. Bg2 Nxg4 11. O-O-O Nxe3 12. Qxe3 h5 13. Ng5 Bh6 14. Bh3 Bc8 15.
Kb1 O-O 16. Qf3 c6 17. Rhg1 Qc7 18. Ne2 c5 19. d5 Bxg5 20. hxg5 exd5 21. Bxc8
Raxc8 22. Ng3 d4 23. Rh1 f6 24. f5 fxg5 25. f6 Nc6 26. Nxh5 Ne5 27. Qg3 Nf7 28.
Nf4 d5 29. Qh3 Ne5 30. Qh8+ Kf7 31. Qh7+ Ke8 32. Qxc7 Rxc7 33. Ne6 Rcf7 34.
Nxf8 Rxf8 35. exd5 Rxf6 36. Rde1 Rf5 37. Rh7 g4 38. d6 Kd8 39. Re7 Nc6 40. Rc7
Ne5 41. Rh1 Rf8 42. Rxa7 Nf7 43. Ra8+ 1-0

[Event "XXXII Coppa d'Oro"]
[Site "Villa Guardia ITA"]
[Date "2014.11.02"]
[Round "6"]
[White "Paniga, Danilo"]
[Black "Tahiraj, Almir"]
[WhiteElo "1863"]
[BlackElo "1844"]
[Result "1/2-1/2"]
[PlyCount "60"]
[EventDate "2014.10.26"]

1. Nf3 Nf6 2. c4 c5 3. g3 g6 4. b3 Bg7 5. Bb2 Nc6 6. Bg2 O-O 7. O-O d6 8. Nc3
Rb8 9. d4 cxd4 10. Nxd4 Nxd4 11. Qxd4 b6 12. Nd5 Bb7 13. Rab1 Ne8 14. Qh4 Bxd5
15. Bxd5 Bxb2 16. Rxb2 Nf6 17. Rc2 Qc7 18. Rfc1 Qc5 19. Bg2 Rfc8 20. e3 Rc7 21.
Qd4 Nd7 22. Bf1 Rbc8 23. Qd2 Qg5 24. Rc3 Nf6 25. Bd3 Qh5 26. Be2 Qh3 27. Bf1
Qf5 28. Bd3 Qh5 29. Be2 Qh3 30. Bf1 Qf5 1/2-1/2

[Event "XXXII Coppa d'Oro"]
[Site "Villa Guardia ITA"]
[Date "2014.11.02"]
[Round "6"]
[White "Primerano, Carlo"]
[Black "Aldeghi, Damiano"]
[WhiteElo "1723"]
[BlackElo "1477"]
[Result "1-0"]
[PlyCount "89"]
[EventDate "2014.10.26"]

1. d4 d5 2. c4 e6 3. Nc3 Nf6 4. Bg5 Be7 5. cxd5 Nxd5 6. Bxe7 Nxe7 7. e4 O-O 8.
Nf3 h6 9. Bc4 c6 10. O-O Nd7 11. b4 b5 12. Bb3 Bb7 13. Qe2 a5 14. a3 axb4 15.
axb4 Qb6 16. g4 g5 17. Qd2 Ng6 18. Ne2 Qd8 19. h3 Qf6 20. Qd3 Qe7 21. Qc3 Nf6
22. Bc2 Qd7 23. Ne5 Nxe5 24. dxe5 Nh7 25. Nd4 Rfc8 26. Qc5 Nf8 27. f4 Rxa1 28.
Rxa1 gxf4 29. Qd6 Rd8 30. Ra7 Qxd6 31. exd6 Rxd6 32. Nxb5 cxb5 33. Rxb7 Rc6 34.
Bd3 Rc3 35. Bf1 Re3 36. Rxb5 Rxe4 37. Kf2 Nd7 38. Kf3 Rd4 39. h4 Nf6 40. g5 Nd5
41. gxh6 Kh7 42. Rb7 Kxh6 43. Rxf7 Rxb4 44. Bd3 Rb3 45. Rh7# 1-0

[Event "XXXII Coppa d'Oro"]
[Site "Villa Guardia ITA"]
[Date "2014.11.02"]
[Round "6"]
[White "Revinelli, Sergio"]
[Black "Ghezzi, Carlo"]
[WhiteElo "1839"]
[BlackElo "1649"]
[Result "0-1"]
[PlyCount "82"]
[EventDate "2014.10.26"]

1. e4 g6 2. d4 d6 3. Be2 Bg7 4. Be3 Nf6 5. Nd2 Nc6 6. h3 e5 7. Ngf3 a6 8. O-O
O-O 9. d5 Ne7 10. Nh2 c6 11. c4 c5 12. Ng4 Nxg4 13. hxg4 f5 14. gxf5 gxf5 15.
f3 f4 16. Bf2 Ng6 17. Bd3 Qg5 18. Re1 Nh4 19. Bxh4 Qxh4 20. Qe2 Rf6 21. Qf2 Qh5
22. Kf1 Bd7 23. Ke2 b5 24. b3 Qe8 25. Rab1 a5 26. Rh1 b4 27. Rh2 Rh6 28. Rbh1
Rxh2 29. Rxh2 a4 30. Bc2 a3 31. g3 fxg3 32. Qxg3 Qg6 33. Kf2 Rf8 34. Bd3 Rf6
35. Bf1 Kh8 36. Bh3 Bxh3 37. Rxh3 Bh6 38. Nf1 Qxe4 39. Qh4 Rxf3+ 40. Kg1 Be3+
41. Kh2 Qc2+ 0-1

[Event "XXXII Coppa d'Oro"]
[Site "Villa Guardia ITA"]
[Date "2014.11.02"]
[Round "6"]
[White "Romano', Ido"]
[Black "Montoli, Marco"]
[WhiteElo "1497"]
[BlackElo "1987"]
[Result "0-1"]
[PlyCount "154"]
[EventDate "2014.10.26"]

1. Nf3 Nf6 2. d4 g6 3. Bg5 Bg7 4. e3 c5 5. Nc3 O-O 6. Bd3 Qa5 7. O-O cxd4 8.
exd4 d6 9. h3 Nc6 10. Bd2 Bd7 11. Ne4 Qc7 12. Ng3 Rfe8 13. Re1 a5 14. c3 Rab8
15. Rb1 b5 16. a3 Be6 17. b4 axb4 18. axb4 Qb7 19. Qc1 Bd5 20. Ne4 Nxe4 21.
Bxe4 Bxe4 22. Rxe4 Nxb4 23. Re2 Nc6 24. Be3 Rec8 25. Rc2 Na5 26. Nd2 d5 27. Ra2
Nc4 28. Nxc4 Rxc4 29. Rb4 Qc6 30. Rxc4 Qxc4 31. Qa3 Bf8 32. Qb2 e6 33. Ra1 b4
34. cxb4 Qxb4 35. Qxb4 Rxb4 36. Ra8 Kg7 37. Ra2 Rb1+ 38. Kh2 Bd6+ 39. g3 h5 40.
h4 Rd1 41. Kg2 Be7 42. Ra4 Bf6 43. Kf3 Rb1 44. Ra3 Rb4 45. Rd3 Rc4 46. Ke2 Kf8
47. Kd2 Ke8 48. Ke2 Kd7 49. Kd2 Kc6 50. Ke2 Kb5 51. Rb3+ Rb4 52. Rxb4+ Kxb4 53.
Kd3 Kb3 54. Bf4 Bd8 55. Be3 f6 56. Bf4 Be7 57. Bc7 Kb4 58. Bf4 Kb5 59. Be3 e5
60. dxe5 fxe5 61. Bd2 Bc5 62. Ke2 Kc4 63. f3 Kb3 64. Be1 Kc2 65. Ba5 d4 66. g4
d3+ 67. Ke1 Be3 68. gxh5 gxh5 69. Kf1 d2 70. Bxd2 Kxd2 71. Kg2 Ke2 72. Kg3 Bf2+
73. Kh3 Bxh4 74. Kg2 Bg5 75. Kg3 Bf4+ 76. Kg2 h4 77. Kg1 Kxf3 0-1

[Event "XXXII Coppa d'Oro"]
[Site "Villa Guardia ITA"]
[Date "2014.11.02"]
[Round "6"]
[White "Villa, Martino"]
[Black "Tavasci, Alfio"]
[WhiteElo "1425"]
[BlackElo "1619"]
[Result "0-1"]
[PlyCount "70"]
[EventDate "2014.10.26"]

1. e4 e6 2. Qe2 c5 3. f4 Nc6 4. Nf3 d6 5. c3 g6 6. d3 Bg7 7. g3 Nge7 8. Bh3 b6
9. Be3 Ba6 10. Qd2 Qc7 11. O-O O-O 12. Nh4 Kh8 13. f5 Ng8 14. g4 Bf6 15. g5 Bd8
16. f6 Ne5 17. c4 Qb7 18. Qf2 Nxd3 19. Qg2 Bxc4 20. b3 Bb5 21. Nc3 Bc6 22. Rad1
Ne5 23. Bf4 Bc7 24. Bxe5 dxe5 25. Bxe6 Rad8 26. Rxd8 Bxd8 27. Rd1 fxe6 28. Qh3
Qf7 29. Rd6 Nxf6 30. gxf6 Qxf6 31. Rxc6 Qf2+ 32. Kh1 Qe1+ 33. Kg2 Rf2+ 34. Kg3
Qe3+ 35. Kg4 Qf4# 0-1

[Event "V Open Dicembre"]
[Site "Arco ITA"]
[Date "2014.12.26"]
[Round "1"]
[White "De Santis, Alessio"]
[Black "Trento, Giacomo"]
[WhiteElo "2288"]
[BlackElo "1860"]
[Result "1-0"]
[PlyCount "51"]
[EventDate "2014.12.26"]

1. d4 Nf6 2. c4 e6 3. Nc3 Bb4 4. g3 c5 5. d5 Bxc3+ 6. bxc3 d6 7. Bg2 e5 8. Nf3
O-O 9. O-O Qa5 10. Qb3 Nbd7 11. Bg5 h6 12. Bxf6 Nxf6 13. Nd2 Rb8 14. a4 Bd7 15.
Ra3 b6 16. Rb1 Rfe8 17. e4 g5 18. Bf1 g4 19. Bd3 Kg7 20. Nf1 Ng8 21. Ne3 Ne7
22. Qd1 h5 23. f3 gxf3 24. Qxf3 Rh8 25. Rf1 Rbf8 26. Qf6+ 1-0

[Event "V Open Dicembre"]
[Site "Arco ITA"]
[Date "2014.12.26"]
[Round "1"]
[White "Horn, Peter"]
[Black "Cordioli, Luca"]
[WhiteElo "2141"]
[BlackElo "1710"]
[Result "1/2-1/2"]
[PlyCount "49"]
[EventDate "2014.12.26"]

1. c4 c5 2. Nf3 Nf6 3. Nc3 Nc6 4. g3 g6 5. Bg2 Bg7 6. d4 cxd4 7. Nxd4 O-O 8.
O-O Nxd4 9. Qxd4 d6 10. Qd3 Nd7 11. b3 Ne5 12. Qd2 Qa5 13. Bb2 Rb8 14. Rfd1 Be6
15. Nd5 Qd8 16. Rac1 Bxd5 17. Bxd5 Nd7 18. Bxg7 Kxg7 19. Qd4+ Kg8 20. Qxa7 Ra8
21. Qxb7 Rxa2 22. Bf3 Nc5 23. Qd5 Nxb3 24. Rc3 Nc5 25. Re3 1/2-1/2

[Event "V Open Dicembre"]
[Site "Arco ITA"]
[Date "2014.12.26"]
[Round "1"]
[White "Margoni, Casimiro"]
[Black "Locatelli, Andrea"]
[WhiteElo "1800"]
[BlackElo "2177"]
[Result "0-1"]
[PlyCount "58"]
[EventDate "2014.12.26"]

1. d4 Nf6 2. c4 g6 3. Nf3 Bg7 4. Nc3 O-O 5. Bg5 d6 6. e3 Nbd7 7. Bd3 b6 8. O-O
Bb7 9. Re1 h6 10. Bxf6 Nxf6 11. e4 Nd7 12. Rc1 e6 13. d5 Re8 14. Qc2 c6 15.
dxc6 Bxc6 16. b4 a5 17. b5 Bb7 18. Ne2 Rc8 19. Qd2 Nc5 20. Nfd4 d5 21. cxd5
exd5 22. Nb3 Nxb3 23. Rxc8 Bxc8 24. axb3 dxe4 25. Nf4 exd3 26. Rxe8+ Qxe8 27.
Qxd3 Qe1+ 28. Qf1 Qxf1+ 29. Kxf1 Bd7 0-1

[Event "V Open Dicembre"]
[Site "Arco ITA"]
[Date "2014.12.26"]
[Round "1"]
[White "Pedrotti, Luciano"]
[Black "Difronzo, Andrea"]
[WhiteElo "1774"]
[BlackElo "2170"]
[Result "0-1"]
[PlyCount "88"]
[EventDate "2014.12.26"]

1. e4 e6 2. d4 d5 3. exd5 exd5 4. Nf3 Bd6 5. Be2 Nc6 6. O-O Nge7 7. c3 Bg4 8.
Nbd2 Qd7 9. Re1 O-O-O 10. Nf1 f6 11. Ng3 h5 12. h3 h4 13. Nf1 Be6 14. N3h2 g5
15. Ng4 Rdf8 16. Bf3 f5 17. Ne5 Bxe5 18. dxe5 g4 19. hxg4 fxg4 20. Be2 h3 21.
g3 Nxe5 22. Nh2 N7g6 23. Be3 Kb8 24. Qd4 Nc6 25. Qa4 Nge5 26. Rad1 Nf3+ 27.
Bxf3 gxf3 28. b4 b6 29. c4 Nd8 30. Qxd7 Bxd7 31. Rxd5 Be6 32. Rd4 Nc6 33. Re4
Bf5 34. Rf4 Nxb4 35. Rxf3 Bd3 36. Rxf8+ Rxf8 37. Bf4 Bxc4 38. Re4 b5 39. f3 Nd5
40. a4 Nxf4 41. axb5 Ne2+ 42. Kf2 Bxb5 43. Rxe2 Bxe2 44. Kxe2 a5 0-1

[Event "V Open Dicembre"]
[Site "Arco ITA"]
[Date "2014.12.26"]
[Round "1"]
[White "Pellicoro, Roberto"]
[Black "Bardone, Lorenzo"]
[WhiteElo "1709"]
[BlackElo "2140"]
[Result "0-1"]
[PlyCount "74"]
[EventDate "2014.12.26"]

1. e4 c5 2. Nf3 e6 3. c3 Nf6 4. d3 Nc6 5. Bg5 Be7 6. Be2 d5 7. e5 Nd7 8. Bxe7
Qxe7 9. d4 O-O 10. Nbd2 cxd4 11. cxd4 Qb4 12. Qb3 Nxd4 13. Nxd4 Qxd4 14. Nf3
Qe4 15. Qc3 d4 16. Nxd4 Nxe5 17. O-O Bd7 18. f4 Rac8 19. Qd2 Nc4 20. Bxc4 Rxc4
21. Nf3 Bc6 22. Qf2 Rc2 23. Qxa7 Qxf4 24. Ne1 Qg5 25. Rf2 Rxf2 26. Qxf2 Rd8 27.
Nf3 Qf4 28. Rf1 Bxf3 29. Qxf3 Qxf3 30. gxf3 Kf8 31. Rf2 Ke7 32. Kg2 e5 33. Kg3
f5 34. Kh4 Kf6 35. Rc2 Rd3 36. Rf2 g5+ 37. Kg3 g4 0-1

[Event "V Open Dicembre"]
[Site "Arco ITA"]
[Date "2014.12.26"]
[Round "1"]
[White "Taufer, Livio"]
[Black "Negro, Roberto"]
[WhiteElo "1744"]
[BlackElo "2143"]
[Result "0-1"]
[PlyCount "52"]
[EventDate "2014.12.26"]

1. d4 Nf6 2. Nf3 g6 3. Nbd2 Bg7 4. e3 O-O 5. b3 d6 6. Bd3 Nc6 7. a3 e5 8. dxe5
Ng4 9. Rb1 Ncxe5 10. Nxe5 Nxe5 11. Be2 Bd7 12. Nf3 Ng4 13. h3 Nf6 14. Nd4 c5
15. Nf3 Ne4 16. Bb2 Bxb2 17. Rxb2 Qa5+ 18. b4 Qxa3 19. Rb3 Qa4 20. O-O Be6 21.
c4 cxb4 22. Nd4 Nc3 23. Qc2 Nxe2+ 24. Qxe2 Rfc8 25. Qb2 a5 26. Ra1 Qd7 0-1

[Event "V Open Dicembre"]
[Site "Arco ITA"]
[Date "2014.12.26"]
[Round "1"]
[White "Teutsch, Alexander"]
[Black "Fiscato, Claudio"]
[WhiteElo "2158"]
[BlackElo "1763"]
[Result "1-0"]
[PlyCount "65"]
[EventDate "2014.12.26"]

1. d4 Nf6 2. c4 e6 3. Nc3 Bb4 4. e3 O-O 5. Bd3 d5 6. Nge2 c5 7. a3 Bxc3+ 8.
bxc3 dxc4 9. Bxc4 b6 10. O-O Nbd7 11. a4 Bb7 12. Ba3 Qc7 13. f3 Rfd8 14. Qb3
Rac8 15. Rac1 Nd5 16. Bxd5 exd5 17. Nf4 c4 18. Qc2 Re8 19. Rce1 g6 20. Bc1 Nf6
21. g4 g5 22. Qf5 gxf4 23. Qg5+ Kh8 24. Qxf6+ Kg8 25. Qg5+ Kh8 26. Qf6+ Kg8 27.
exf4 Qc6 28. Qh4 f5 29. Re5 Qg6 30. Rxf5 Kh8 31. Rh5 Rc7 32. f5 Qf7 33. Bf4 1-0

[Event "V Open Dicembre"]
[Site "Arco ITA"]
[Date "2014.12.26"]
[Round "1"]
[White "Trauth, Michael"]
[Black "Bisaro, Andrea"]
[WhiteElo "2175"]
[BlackElo "1791"]
[Result "1-0"]
[PlyCount "43"]
[EventDate "2014.12.26"]

1. Nf3 d5 2. c4 e6 3. g3 Nf6 4. Bg2 c6 5. b3 Bd6 6. Bb2 Nbd7 7. O-O O-O 8. Qc2
Re8 9. d4 b6 10. Nc3 Bb7 11. Rfd1 Qe7 12. Nd2 e5 13. cxd5 Nxd5 14. Nc4 Bb8 15.
Nxd5 cxd5 16. dxe5 Nxe5 17. Ne3 Qc7 18. Qd2 a5 19. Rac1 Qe7 20. Qd4 Bd6 21. Nf5
Qf6 22. Nxd6 1-0

[Event "V Open Dicembre"]
[Site "Arco ITA"]
[Date "2014.12.27"]
[Round "2"]
[White "Bardone, Lorenzo"]
[Black "Mortola, Alberto"]
[WhiteElo "2140"]
[BlackElo "1985"]
[Result "1-0"]
[PlyCount "107"]
[EventDate "2014.12.26"]

1. e4 e5 2. Nf3 Nf6 3. Nxe5 d6 4. Nf3 Nxe4 5. Nc3 Nxc3 6. dxc3 Be7 7. Be3 Nc6
8. Qd2 Be6 9. O-O-O a5 10. Kb1 O-O 11. Be2 Ne5 12. Nd4 Nc4 13. Qc1 Nxe3 14.
Nxe6 fxe6 15. Qxe3 e5 16. g3 Bg5 17. Bc4+ Kh8 18. Qe2 Qf6 19. h4 Bh6 20. g4 Bf4
21. g5 Qe7 22. Qe4 c6 23. Bd3 g6 24. h5 d5 25. Qe2 Bxg5 26. hxg6 h6 27. f3 Kg7
28. Rdg1 b5 29. Rh5 Bf4 30. Qg2 a4 31. a3 c5 32. Bxb5 c4 33. Qh3 Ra7 34. Rh1
Rh8 35. Rf5 Qc5 36. Bd7 Rxd7 37. Rxf4 Qd6 38. Rf7+ Rxf7 39. gxf7 Kxf7 40. Qf5+
Ke8 41. Re1 Kd8 42. Rxe5 Rf8 43. Rxd5 Rxf5 44. Rxd6+ Kc7 45. Rxh6 Rxf3 46. Rh4
Kb6 47. Rxc4 Kb5 48. Rb4+ Ka5 49. c4 Rf1+ 50. Ka2 Rf2 51. c3 Rh2 52. Kb1 Rg2
53. Rb8 Rg1+ 54. Ka2 1-0

[Event "V Open Dicembre"]
[Site "Arco ITA"]
[Date "2014.12.27"]
[Round "2"]
[White "Difronzo, Andrea"]
[Black "Gehrke, Rolf"]
[WhiteElo "2170"]
[BlackElo "2032"]
[Result "1-0"]
[PlyCount "107"]
[EventDate "2014.12.26"]

1. e4 c5 2. c3 d5 3. exd5 Qxd5 4. d4 Nc6 5. Nf3 Bf5 6. Be3 cxd4 7. Nxd4 Nxd4 8.
Qxd4 Nf6 9. Na3 Qxd4 10. Bxd4 e5 11. Bxe5 Bxa3 12. bxa3 O-O-O 13. f4 Rhe8 14.
Bb5 Bd7 15. Bxd7+ Nxd7 16. O-O Nxe5 17. fxe5 Rd7 18. Rae1 Kd8 19. Rf4 Ke7 20.
Kf2 Rc8 21. Rxf7+ Kxf7 22. e6+ Ke7 23. exd7+ Kxd7 24. Rd1+ Kc6 25. Rd4 Re8 26.
Rf4 Re7 27. Rf5 Kd6 28. h3 Rc7 29. Rf3 Kd5 30. Ke2 Kc4 31. Kd2 Rd7+ 32. Kc2 Re7
33. Rf4+ Kc5 34. Kd3 Kc6 35. g4 Rd7+ 36. Kc4 Re7 37. h4 Kd6 38. Rd4+ Kc6 39.
Rf4 Kd6 40. Kd3 Kc6 41. Rf8 Kd6 42. Ra8 a6 43. Rd8+ Kc6 44. g5 g6 45. Rf8 Kd6
46. Kd4 Rc7 47. c4 Ke7 48. Rf4 Rc8 49. Rf6 Rc7 50. Rb6 Kd8 51. Kd5 Kc8 52. Rf6
Kd8 53. Rf8+ Ke7 54. Rh8 1-0

[Event "V Open Dicembre"]
[Site "Arco ITA"]
[Date "2014.12.27"]
[Round "2"]
[White "Lezzerini, Marco"]
[Black "De Santis, Alessio"]
[WhiteElo "2066"]
[BlackElo "2288"]
[Result "1/2-1/2"]
[PlyCount "45"]
[EventDate "2014.12.26"]

1. d4 Nf6 2. c4 e6 3. Nc3 Bb4 4. e3 b6 5. Bd3 Bb7 6. Nf3 Ne4 7. Qc2 f5 8. O-O
Bxc3 9. bxc3 O-O 10. Nd2 Nxd2 11. Bxd2 Qh4 12. f3 Nc6 13. e4 fxe4 14. fxe4 e5
15. d5 Na5 16. c5 Qe7 17. Be3 Rxf1+ 18. Rxf1 Rf8 19. Rxf8+ Qxf8 20. Qf2 Bc8 21.
Qxf8+ Kxf8 22. Kf2 Ke8 23. Kf3 1/2-1/2

[Event "V Open Dicembre"]
[Site "Arco ITA"]
[Date "2014.12.27"]
[Round "2"]
[White "Locatelli, Andrea"]
[Black "Cardarelli, Angelo"]
[WhiteElo "2177"]
[BlackElo "2041"]
[Result "1-0"]
[PlyCount "48"]
[EventDate "2014.12.26"]

1. e4 e6 2. d4 d5 3. e5 b6 4. c3 Qd7 5. Nf3 Ba6 6. Bxa6 Nxa6 7. O-O c5 8. Na3
Ne7 9. Nc2 Rc8 10. Ne3 Nc6 11. h4 Be7 12. h5 h6 13. Ne1 cxd4 14. cxd4 Na5 15.
Qg4 Kf8 16. f4 Nc4 17. f5 Nxe3 18. Bxe3 exf5 19. Rxf5 Qe6 20. Nd3 Bg5 21. Bxg5
hxg5 22. Raf1 Rc7 23. Qxg5 Rh6 24. Nf4 Qd7 1-0

[Event "V Open Dicembre"]
[Site "Arco ITA"]
[Date "2014.12.27"]
[Round "2"]
[White "Markocic, Tine"]
[Black "Trauth, Michael"]
[WhiteElo "2033"]
[BlackElo "2175"]
[Result "0-1"]
[PlyCount "36"]
[EventDate "2014.12.26"]

1. e4 c5 2. Nf3 Nc6 3. d4 cxd4 4. Nxd4 g6 5. Nc3 Bg7 6. Be3 Nf6 7. Be2 O-O 8.
O-O d5 9. exd5 Nb4 10. d6 Qxd6 11. Ncb5 Qb8 12. c4 a6 13. Nc3 e5 14. Nc2 Nxc2
15. Qxc2 Bf5 16. Bd3 Bxd3 17. Qxd3 Ng4 18. Nd5 e4 0-1

[Event "V Open Dicembre"]
[Site "Arco ITA"]
[Date "2014.12.27"]
[Round "2"]
[White "Negro, Roberto"]
[Black "Bertani, Gianfranco"]
[WhiteElo "2143"]
[BlackElo "2019"]
[Result "0-1"]
[PlyCount "109"]
[EventDate "2014.12.26"]

1. c4 f5 2. Nf3 Nf6 3. g3 e6 4. Bg2 d5 5. O-O c6 6. d3 Be7 7. Nbd2 O-O 8. a3 a5
9. b3 Nbd7 10. Bb2 Qe8 11. Qb1 Qh5 12. b4 e5 13. Bxe5 Nxe5 14. Nxe5 axb4 15.
Nef3 bxa3 16. e3 Rb8 17. Rc1 dxc4 18. Nxc4 Be6 19. Nxa3 g5 20. Nd4 Bd5 21.
Bxd5+ Nxd5 22. Qb3 Kh8 23. Qd1 Qxd1+ 24. Rxd1 Bf6 25. Rac1 f4 26. Ne6 Rfe8 27.
e4 Nc3 28. Rxc3 Bxc3 29. Nxg5 fxg3 30. hxg3 b5 31. Nf7+ Kg7 32. Nd6 Red8 33.
Nf5+ Kf8 34. Kf1 b4 35. Nb1 Bf6 36. Ke2 Ra8 37. f4 Ra2+ 38. Ke3 Ra1 39. e5 Be7
40. Ke4 c5 41. Rc1 Rd7 42. Rh1 Kg8 43. g4 b3 44. e6 Rb7 45. Nxe7+ Rxe7 46. Ke5
Ra5 47. Kf6 Rg7 48. Nc3 Rg6+ 49. Ke5 b2 50. Rb1 c4+ 51. Nd5 c3 52. g5 h6 53.
Kf5 Rg7 54. Kf6 c2 55. Kf5 0-1

[Event "V Open Dicembre"]
[Site "Arco ITA"]
[Date "2014.12.27"]
[Round "2"]
[White "Oppici, Gabriele"]
[Black "Panjkovic, Aleksandar"]
[WhiteElo "1996"]
[BlackElo "2133"]
[Result "0-1"]
[PlyCount "106"]
[EventDate "2014.12.26"]

1. Nf3 c5 2. c3 g6 3. d4 Bg7 4. dxc5 Qc7 5. e4 Qxc5 6. Be3 Qc7 7. Bd4 Nf6 8. e5
Nh5 9. Qd2 f5 10. Be2 d6 11. exd6 Qxd6 12. Bxg7 Qxd2+ 13. Nbxd2 Nxg7 14. Ne5
Nd7 15. Bb5 a6 16. Bxd7+ Bxd7 17. Nxd7 Kxd7 18. Nc4 Rad8 19. O-O-O+ Kc7 20.
Rhe1 Rxd1+ 21. Kxd1 Rd8+ 22. Kc2 e6 23. Re3 Rd5 24. Rh3 Nh5 25. Re3 b5 26. Nd2
e5 27. c4 bxc4 28. Nxc4 e4 29. Ra3 Rc5 30. Kc3 Rc6 31. Kd4 Nf4 32. Ne3 Rd6+ 33.
Kc4 Nd3 34. b4 Rc6+ 35. Kb3 Nxf2 36. b5 axb5 37. Ra7+ Kd6 38. Rf7 Rc7 39. Rf6+
Ke5 40. Rb6 Rc5 41. g3 Nd3 42. Rb7 f4 43. gxf4+ Kxf4 44. Nc2 e3 45. Nd4 Rd5 46.
Rf7+ Kg4 47. Ne2 g5 48. h3+ Kxh3 49. Rf3+ Kg4 50. Rxe3 Nf4 51. Nc3 Rd3 52. Rxd3
Nxd3 53. Nxb5 Nc1+ 0-1

[Event "V Open Dicembre"]
[Site "Arco ITA"]
[Date "2014.12.27"]
[Round "2"]
[White "Orfini, Nicolo'"]
[Black "Teutsch, Alexander"]
[WhiteElo "2024"]
[BlackElo "2158"]
[Result "1-0"]
[PlyCount "67"]
[EventDate "2014.12.26"]

1. e4 c5 2. Nf3 d6 3. d4 Nf6 4. Nc3 cxd4 5. Nxd4 Nc6 6. f3 e5 7. Nb3 Be7 8. Be3
O-O 9. Qd2 a5 10. Na4 d5 11. Bb6 Qe8 12. Bb5 Bd7 13. c3 Nb8 14. Bxd7 Qxd7 15.
Bc5 Bxc5 16. Naxc5 Qc8 17. Qe3 a4 18. Nd2 b6 19. Nd3 a3 20. O-O axb2 21. Nxb2
Nc6 22. Nb3 Qe6 23. Rfd1 dxe4 24. fxe4 Rxa2 25. Rxa2 Qxb3 26. Rda1 Rd8 27. h3
h6 28. Na4 Rd1+ 29. Kh2 Rxa1 30. Rxa1 Qc2 31. Nxb6 Nh5 32. Nd5 Kh7 33. Qf3 Qb2
34. Qf5+ 1-0

[Event "V Open Dicembre"]
[Site "Arco ITA"]
[Date "2014.12.27"]
[Round "3"]
[White "Bertani, Gianfranco"]
[Black "Bardone, Lorenzo"]
[WhiteElo "2019"]
[BlackElo "2140"]
[Result "0-1"]
[PlyCount "90"]
[EventDate "2014.12.26"]

1. d4 Nf6 2. e3 g6 3. Bd3 d5 4. f4 Bg7 5. Nf3 c5 6. c3 O-O 7. O-O Nc6 8. b3
cxd4 9. exd4 Ne4 10. Kh1 a6 11. Qe2 f5 12. Bb2 b5 13. a3 Qb6 14. Nbd2 e6 15.
Rab1 Qa7 16. Ne5 Nxe5 17. dxe5 Rd8 18. Nf3 Bb7 19. Nd4 Kf7 20. g4 Rac8 21. Rbc1
Qb6 22. gxf5 exf5 23. Qe3 Nc5 24. Bc2 Ne6 25. Bd3 Rc7 26. Kg2 Rdc8 27. Kg3 Qc5
28. Qe2 Qe7 29. h4 Nc5 30. Bb1 Ne4+ 31. Bxe4 dxe4 32. c4 bxc4 33. bxc4 Kg8 34.
Rc3 Bxe5 35. Nxf5 gxf5 36. fxe5 Qxe5+ 37. Kf2 Qh2+ 38. Ke1 Qxh4+ 39. Kd2 Qg4
40. Qe3 Kf7 41. Rg1 Qh5 42. Qg3 Qh6+ 43. Kc2 Rd7 44. Kb3 Rd2 45. Qh3 Qb6+ 0-1

[Event "V Open Dicembre"]
[Site "Arco ITA"]
[Date "2014.12.27"]
[Round "3"]
[White "De Santis, Alessio"]
[Black "Marziali, Giulio"]
[WhiteElo "2288"]
[BlackElo "1868"]
[Result "1-0"]
[PlyCount "47"]
[EventDate "2014.12.26"]

1. d4 d5 2. c4 e6 3. Nc3 Nf6 4. cxd5 exd5 5. Bg5 Nbd7 6. e3 c6 7. Bd3 Bd6 8.
Qc2 h6 9. Bh4 O-O 10. Nge2 Re8 11. a3 a6 12. h3 Qc7 13. Rc1 c5 14. dxc5 Qxc5
15. b4 Qa7 16. O-O b5 17. Rfd1 Bb7 18. Bf5 Rad8 19. Bxd7 Rxd7 20. Bxf6 gxf6 21.
Qf5 Rc7 22. Nxd5 Re5 23. Nxf6+ Kg7 24. Qh7+ 1-0

[Event "V Open Dicembre"]
[Site "Arco ITA"]
[Date "2014.12.27"]
[Round "3"]
[White "Dobboletta, Alex"]
[Black "Locatelli, Andrea"]
[WhiteElo "2122"]
[BlackElo "2177"]
[Result "1-0"]
[PlyCount "111"]
[EventDate "2014.12.26"]

1. Nf3 Nf6 2. g3 g6 3. Bg2 Bg7 4. c4 O-O 5. Nc3 d6 6. O-O c5 7. Rb1 Nc6 8. a3
Rb8 9. b4 b6 10. d3 Bb7 11. Bf4 Qd7 12. Qa4 Ba8 13. Rfd1 Rbd8 14. b5 e5 15. Bg5
Ne7 16. Nd2 Bxg2 17. Kxg2 Qb7+ 18. e4 Ne8 19. Bxe7 Qxe7 20. Nd5 Qd7 21. Qc2 f5
22. f3 Bh6 23. Nf1 Nf6 24. Nxf6+ Rxf6 25. h3 Rdf8 26. Nh2 Be3 27. a4 Bd4 28. a5
R6f7 29. Rb3 h5 30. Qd2 f4 31. g4 Qd8 32. Qe1 Rh7 33. axb6 axb6 34. Ra3 Rff7
35. Rd2 Ra7 36. Rda2 Rxa3 37. Rxa3 Rb7 38. h4 hxg4 39. fxg4 Rh7 40. Nf3 Qc8 41.
Kh3 Rf7 42. Qe2 Kg7 43. Qa2 Be3 44. Ra7 Qb8 45. Ra8 Qc7 46. Ng5 Re7 47. Ne6+
Rxe6 48. Ra7 Re7 49. Rxc7 Rxc7 50. Kg2 Kf6 51. Qa6 Ke6 52. Qxb6 Rh7 53. Qd8 Ra7
54. Qg8+ Rf7 55. Qxg6+ Ke7 56. Qxf7+ 1-0